000 00776cam a2200253 a 4500
001 917177
005 20180209032811.0
008 830107r1983 nyua b 001 0 eng
010 _a 82025185
020 _a0888943865
020 _a0888943865 (Douglas & McIntyre)
040 _aDLC
_cDLC
_dDLC
041 _aeng
043 _acl-----
080 _a299.7928
082 0 0 _a299.7928 GIF
_219
100 1 _a24
101 _aFIL
245 1 0 _aWarriors, gods & spirits from Central & South American mythology /
_ctext by Douglas Gifford ; illustrations by John Sibbick.
504 _aBibliography: p. 130.
740 0 _aWarriors, gods, and spirits from Central & South American mythology.
906 _a7
_bcbc
_corignew
_d1
_eocip
_f19
_gy-gencatlg
942 _2ddc
_cBK
999 _c42204
_d42204